| 000 | 00727nam a2200229 a 4500 | ||
|---|---|---|---|
| 001 | 297 | ||
| 005 | 20221127085915.0 | ||
| 008 | 050920s lxxka | 00100|eng d | ||
| 020 |
_a0273651455 : _cSR168.00 |
||
| 035 | _a310 | ||
| 082 | 0 | 4 |
_a658.4038 _bP943 2001 |
| 245 | 0 | 0 |
_aProject management for information systems / _cedited by James Cadle, Donald Yeates |
| 250 | _a3rd ed. | ||
| 260 |
_aHarlow, England : _bFT/Prentice Hall, _c2001. |
||
| 300 |
_axvi, 384 p. : _bill. ; _c24 cm. |
||
| 504 | _aIncludes bibl. references and index. | ||
| 650 | 4 | _aManagement information systems. | |
| 650 | 4 | _aProject management. | |
| 650 | 4 | _aSystem analysis. | |
| 700 | 1 |
_aCadle, James, _eeditor. |
|
| 700 | 1 |
_aYeates, Donald, _ejt. editor. |
|
| 999 |
_c297 _d297 |
||